[Event "XVIII Mitropa Cup"]
[Site "Portorose SLO"]
[Date "1998.07.06"]
[Round "3.3"]
[White "Borgo, Giulio"]
[Black "Grosar, Aljosa"]
[Result "0-1"]
[WhiteElo "2445"]
[BlackElo "2450"]
[Annotator "ITA-SLO"]
[PlyCount "84"]
[EventDate "1998.07.04"]

1.e4 c5 2.Nf3 d6 3.c3 Nf6 4.Be2 g6 5.O-O Bg7 6.Re1 O-O 7.Bf1 Nc6 8.a3 Rb8 
9.h3 e5 10.b4 b6 11.b5 Na5 12.d3 h6 13.Nbd2 Bb7 14.Qc2 Qc7 15.Nh2 Rbe8 16.
Ng4 Nxg4 17.hxg4 Qd7 18.Nc4 Nxc4 19.dxc4 Qxg4 20.f3 Qe6 21.Bd3 f5 22.Rd1 
Rf7 23.Be3 h5 24.Bf2 Bh6 25.Qe2 Qf6 26.a4 h4 27.Be3 Bxe3+ 28.Qxe3 Rh7 29.
Bf1 fxe4 30.fxe4 Rf8 31.Ra2 Qe7 32.Rad2 Rf6 33.Be2 Bc8 34.Bf1 Qf8 35.Rd3 
Be6 36.R3d2 Rf4 37.Rxd6 Rxf1+ 38.Rxf1 Qxd6 39.Qg5 Bf7 40.Rf2 h3 41.Rd2 Qe6
42.Rd8+ Kg7 0-1

[Event "XVIII Mitropa Cup"]
[Site "Portorose SLO"]
[Date "1998.07.06"]
[Round "3.4"]
[White "Tratar, Marko"]
[Black "Belotti, Bruno"]
[Result "0-1"]
[WhiteElo "2450"]
[BlackElo "2430"]
[Annotator "ITA-SLO"]
[PlyCount "88"]
[EventDate "1998.07.04"]

1.Nf3 c5 2.c4 g6 3.e4 Bg7 4.d4 Qa5+ 5.Nc3 d6 6.Be3 Bg4 7.Qb3 Bxf3 8.Qxb7 
Bxd4 9.Bd2 Bg4 10.Qxa8 Qb6 11.Nb5 Nf6 12.f3 a6 13.Nxd4 Bd7 14.Nb3 Bc6 15.
Ba5 Qxa5+ 16.Nxa5 Bxa8 17.Bd3 Nc6 18.Nxc6 Bxc6 19.Kd2 Kd7 20.Rhe1 e5 21.
Kc3 a5 22.b3 Nh5 23.g3 Ng7 24.Bf1 Kc7 25.Bh3 h5 26.a3 h4 27.Bf1 Ne6 28.Bd3
Nd4 29.f4 hxg3 30.hxg3 Rh3 31.fxe5 Rxg3 32.exd6+ Kxd6 33.Rab1 f5 34.exf5 
gxf5 35.b4 axb4+ 36.axb4 Be4 37.Rbd1 Nc6 38.bxc5+ Kxc5 39.Rd2 Ne5 40.Red1 
Nxc4 41.Rc1 Kd5 42.Rg1 Rh3 43.Rdd1 Ne5 44.Rgf1 Nxd3 0-1

[Event "XVIII Mitropa Cup"]
[Site "Portorose SLO"]
[Date "1998.07.07"]
[Round "4.2"]
[White "Arlandi, Ennio"]
[Black "Madl, Ildiko"]
[Result "1/2-1/2"]
[WhiteElo "2440"]
[BlackElo "2410"]
[Annotator "ITA-HUN"]
[PlyCount "49"]
[EventDate "1998.07.04"]

1.d4 Nf6 2.c4 c5 3.d5 g6 4.Nc3 Bg7 5.e4 d6 6.h3 O-O 7.Nf3 e6 8.Bd3 exd5 9.
cxd5 b5 10.Nxb5 Re8 11.O-O Nxe4 12.Re1 a6 13.Qa4 Nd7 14.Rxe4 Rxe4 15.Qxe4 
Nf6 16.Qh4 axb5 17.Bxb5 Bb7 18.Bg5 Bxd5 19.a4 Bxf3 20.gxf3 d5 21.Re1 Qb6 
22.b3 Nh5 23.Be3 Qd6 24.Bg5 Qb6 25.Bd2 1/2-1/2

[Event "XVIII Mitropa Cup"]
[Site "Portorose SLO"]
[Date "1998.07.07"]
[Round "4.3"]
[White "Grabics, Monika"]
[Black "Borgo, Giulio"]
[Result "1/2-1/2"]
[WhiteElo "2355"]
[BlackElo "2445"]
[Annotator "ITA-HUN"]
[PlyCount "122"]
[EventDate "1998.07.04"]

1.e4 c5 2.Nf3 Nc6 3.d4 cxd4 4.Nxd4 Qc7 5.Nc3 e6 6.f4 a6 7.Nxc6 bxc6 8.e5 
f5 9.Qh5+ g6 10.Qf3 Nh6 11.Bc4 Bb7 12.Be3 c5 13.Qe2 Qc6 14.Rg1 Ng4 15.h3 
Nxe3 16.Qxe3 Be7 17.O-O-O O-O-O 18.Rd2 g5 19.g3 gxf4 20.gxf4 Rhg8 21.Rgd1 
Kb8 22.Rd3 h5 23.b3 h4 24.Qe2 Rg7 25.Kb2 Bc8 26.Na4 Rg2 27.Qf1 Rh2 28.Qg1 
Rg2 29.Qe1 Rdg8 30.Qa5 R8g3 31.Nb6 Rxd3 32.Rxd3 Bd8 33.Nxd7+ Qxd7 34.Qxd8 
Qxd8 35.Rxd8 Kc7 36.Rh8 Bb7 37.Rxh4 Be4 38.Bxe6 Rxc2+ 39.Ka3 Rf2 40.Rh7+ 
Kc6 41.Rh6 Kc7 42.Bc4 Bb1 43.b4 Rxf4 44.Bxa6 Rxb4 45.Rh7+ Kd8 46.h4 Bxa2 
47.Kxa2 Ra4+ 48.Kb3 Rxa6 49.Kc4 f4 50.Kxc5 f3 51.Rf7 Rh6 52.Rxf3 Rxh4 53.
Kd6 Ke8 54.Ra3 Re4 55.Ke6 Kf8 56.Ra8+ Kg7 57.Re8 Ra4 58.Rd8 Re4 59.Rd7+ 
Kf8 60.Rf7+ Ke8 61.Rb7 Kf8 1/2-1/2

[Event "XVIII Mitropa Cup"]
[Site "Portorose SLO"]
[Date "1998.07.07"]
[Round "4.4"]
[White "Belotti, Bruno"]
[Black "Medvegy, Nora"]
[Result "1-0"]
[WhiteElo "2430"]
[BlackElo "2325"]
[Annotator "ITA-HUN"]
[PlyCount "73"]
[EventDate "1998.07.04"]

1.Nf3 c5 2.b3 Nc6 3.Bb2 d6 4.d4 cxd4 5.Nxd4 Nf6 6.g3 Qa5+ 7.Qd2 Qd5 8.Nf3 
Qxd2+ 9.Nbxd2 Nb4 10.Nd4 e5 11.a3 Nbd5 12.Nb5 a6 13.e4 axb5 14.Bxb5+ Bd7 
15.Bxd7+ Kxd7 16.exd5 Nxd5 17.O-O-O Kc6 18.c4 Nb6 19.Ne4 d5 20.cxd5+ Nxd5 
21.b4 Nb6 22.Rd3 Nc4 23.Rc3 Kb5 24.Rd1 Nxb2 25.Kxb2 f5 26.Rd5+ Kb6 27.Nd2 
Be7 28.Nc4+ Kc6 29.Ne3+ Kb6 30.Rxe5 Bd8 31.Rxf5 Re8 32.Kb3 Ka7 33.Rf7 Bf6 
34.Rcc7 Rab8 35.Nc4 Re2 36.Na5 Rb2+ 37.Ka4 1-0

[Event "XVIII Mitropa Cup"]
[Site "Portorose SLO"]
[Date "1998.07.08"]
[Round "5.1"]
[White "Efimov, Igor"]
[Black "Baumegger, Siegfried"]
[Result "1/2-1/2"]
[WhiteElo "2530"]
[BlackElo "2360"]
[Annotator "ITA-AUT"]
[PlyCount "90"]
[EventDate "1998.07.04"]

1.d4 Nf6 2.Nf3 d5 3.c4 c6 4.Qc2 g6 5.Bf4 Bg7 6.e3 Bf5 7.Qb3 Qb6 8.Nc3 Qxb3
9.axb3 Nbd7 10.h3 h6 11.g4 Bc2 12.Nd2 g5 13.Bh2 O-O 14.Rc1 Bg6 15.cxd5 
cxd5 16.Bg2 Rac8 17.Ke2 Nb6 18.Be5 Rfd8 19.Nb5 a6 20.Bc7 axb5 21.Bxb6 Re8 
22.b4 e6 23.Nb3 Rc4 24.Nd2 Rcc8 25.Ba7 Nd7 26.e4 Nf6 27.e5 Nd7 28.Bc5 f6 
29.exf6 Bxf6 30.Nb3 b6 31.Bd6 Rc4 32.Rc3 Be7 33.Bxe7 Rxe7 34.Rxc4 bxc4 35.
Nd2 Nf6 36.Ra1 e5 37.dxe5 Rxe5+ 38.Kd1 Bd3 39.Bf3 Ne4 40.Nxe4 dxe4 41.Be2 
Kf7 42.Kd2 Re6 43.Bd1 Rf6 44.Ke3 Ke6 45.Ra8 Kd5 1/2-1/2

[Event "XVIII Mitropa Cup"]
[Site "Portorose SLO"]
[Date "1998.07.08"]
[Round "5.2"]
[White "Weiss, Christian"]
[Black "Godena, Michele"]
[Result "1/2-1/2"]
[WhiteElo "2370"]
[BlackElo "2510"]
[Annotator "ITA-AUT"]
[PlyCount "111"]
[EventDate "1998.07.04"]

1.Nf3 d5 2.d4 c6 3.g3 Nf6 4.Bg2 Bf5 5.O-O e6 6.c4 Be7 7.Nc3 h6 8.Ne5 Nbd7 
9.Qb3 Qb6 10.Nxd7 Nxd7 11.e4 dxe4 12.Nxe4 O-O 13.Be3 Rfd8 14.Qc3 Nf6 15.c5
Qa6 16.Nxf6+ Bxf6 17.Rfd1 Qe2 18.b4 Qc2 19.Qa3 Qe2 20.Rd2 Qh5 21.b5 Bh3 
22.Bh1 e5 23.bxc6 bxc6 24.Bxc6 exd4 25.Bf4 Rac8 26.Qa6 Qxc5 27.Bb7 Qc3 28.
Rdd1 Rc5 29.Rac1 Qb4 30.Rb1 Qc4 31.Qxa7 Rb5 32.Rbc1 Qe6 33.Bc7 Rf8 34.Re1 
Qg4 35.Bd6 Rd8 36.Bc7 Rf8 37.Bd6 Rd8 38.Bc7 Rf8 39.Bd6 d3 40.Bxf8 d2 41.
Qa8 dxe1=Q+ 42.Rxe1 Kh7 43.Be4+ g6 44.Qe8 Qd7 45.Qxd7 Bxd7 46.Bd3 Rb2 47.
Re2 Rb8 48.Be7 Bxe7 49.Rxe7 Be6 50.a4 Rb3 51.Bb5 Rb1+ 52.Kg2 Bd5+ 53.f3 
Rb2+ 54.Re2 Rb3 55.Rf2 g5 56.g4 1/2-1/2

[Event "XVIII Mitropa Cup"]
[Site "Portorose SLO"]
[Date "1998.07.08"]
[Round "5.4"]
[White "Neubauer, Martin"]
[Black "Belotti, Bruno"]
[Result "1/2-1/2"]
[WhiteElo "2305"]
[BlackElo "2430"]
[Annotator "ITA-AUT"]
[PlyCount "82"]
[EventDate "1998.07.04"]

1.e4 c5 2.c3 d5 3.exd5 Qxd5 4.d4 Nf6 5.Nf3 Nc6 6.Be3 Ng4 7.Nbd2 cxd4 8.Bc4
Qd8 9.cxd4 e6 10.O-O Be7 11.Ne4 O-O 12.a3 b6 13.Qd3 Bb7 14.Neg5 g6 15.Rad1
Nxe3 16.Qxe3 Na5 17.Bd3 Bd5 18.h4 Nc4 19.Bxc4 Bxc4 20.Rfe1 Bd5 21.h5 Rc8 
22.Qf4 h6 23.Ne4 g5 24.Qe3 Rc2 25.b4 Qa8 26.Ne5 Bxe4 27.Qxe4 Qxe4 28.Rxe4 
Rd8 29.Re3 Bf6 30.Red3 a5 31.Ng4 Bg7 32.bxa5 bxa5 33.d5 exd5 34.Rxd5 Rxd5 
35.Rxd5 Rc1+ 36.Kh2 Rc4 37.f3 Ra4 38.Rd8+ Kh7 39.Rd7 Kg8 40.Rd8+ Kh7 41.
Rd7 Kg8 1/2-1/2

[Event "XVIII Mitropa Cup"]
[Site "Portorose SLO"]
[Date "1998.07.09"]
[Round "6.1"]
[White "Efimov, Igor"]
[Black "Leski, Marc"]
[Result "1-0"]
[WhiteElo "2530"]
[BlackElo "2415"]
[Annotator "ITA-FRA"]
[PlyCount "49"]
[EventDate "1998.07.04"]

1.d4 d5 2.c4 e6 3.Nf3 c5 4.cxd5 exd5 5.Nc3 Nc6 6.g3 Nf6 7.Bg2 Be7 8.O-O 
O-O 9.dxc5 Bxc5 10.b3 d4 11.Na4 Be7 12.Bb2 d3 13.Qxd3 Qxd3 14.exd3 Bf5 15.
d4 Rad8 16.Nc5 b6 17.Nh4 Bc8 18.Bxc6 bxc5 19.dxc5 Bxc5 20.Rac1 Bd4 21.Ba3 
Ba6 22.Bxf8 Kxf8 23.Rfd1 Ng4 24.Rd2 Ne5 25.Nf3 1-0

[Event "XVIII Mitropa Cup"]
[Site "Portorose SLO"]
[Date "1998.07.09"]
[Round "6.2"]
[White "Touzane, Olivier"]
[Black "Godena, Michele"]
[Result "1/2-1/2"]
[WhiteElo "2375"]
[BlackElo "2510"]
[Annotator "ITA-FRA"]
[PlyCount "21"]
[EventDate "1998.07.04"]

1.d4 e6 2.c4 d5 3.Nc3 Bb4 4.cxd5 exd5 5.Nf3 Ne7 6.Bf4 O-O 7.e3 Bf5 8.Bd3 
Bxd3 9.Qxd3 c6 10.O-O Bd6 11.Bxd6 1/2-1/2

[Event "XVIII Mitropa Cup"]
[Site "Portorose SLO"]
[Date "1998.07.09"]
[Round "6.3"]
[White "Arlandi, Ennio"]
[Black "Olivier, Jean-Christophe"]
[Result "0-1"]
[WhiteElo "2440"]
[BlackElo "2370"]
[Annotator "ITA-FRA"]
[PlyCount "64"]
[EventDate "1998.07.04"]

1.d4 Nf6 2.c4 e6 3.Nc3 c5 4.d5 exd5 5.cxd5 d6 6.e4 g6 7.h3 Bg7 8.Nf3 O-O 
9.Bd3 b5 10.Nxb5 Re8 11.O-O Nxe4 12.Bxe4 Rxe4 13.Ng5 Rb4 14.Qf3 Rxb5 15.
Qxf7+ Kh8 16.Re1 Bd7 17.Re7 Qf8 18.Rxd7 Nxd7 19.Qxd7 Qe8 20.Qe6 Qxe6 21.
dxe6 Kg8 22.Nf7 d5 23.Bf4 Rxb2 24.Re1 Bf6 25.Be5 Bxe5 26.Nxe5 c4 27.Nd7 c3
28.Nf6+ Kg7 29.Nxd5 c2 30.Nc3 Rc8 31.e7 Kf7 32.Na4 Rb1 0-1

[Event "XVIII Mitropa Cup"]
[Site "Portorose SLO"]
[Date "1998.07.10"]
[Round "7.1"]
[White "Pelletier, Yannick"]
[Black "Efimov, Igor"]
[Result "1-0"]
[WhiteElo "2525"]
[BlackElo "2530"]
[Annotator "ITA-SUI"]
[PlyCount "83"]
[EventDate "1998.07.04"]

1.c4 c5 2.Nf3 g6 3.d4 Bg7 4.d5 f5 5.g3 Qb6 6.Qc2 e5 7.Bg2 Qf6 8.Nc3 Na6 9.
O-O d6 10.e4 Nh6 11.Bg5 Qf7 12.Qd2 Ng4 13.Nb5 Qd7 14.h3 fxe4 15.hxg4 exf3 
16.Bxf3 O-O 17.Be2 Nc7 18.Nc3 Ne8 19.Ne4 a6 20.a4 Rb8 21.b4 cxb4 22.Qxb4 
h6 23.Be3 Nf6 24.f3 Nxe4 25.fxe4 h5 26.c5 dxc5 27.Bxc5 Rxf1+ 28.Rxf1 b6 
29.Bd6 a5 30.Qa3 Rb7 31.gxh5 Qe8 32.Ba6 Ra7 33.Bxc8 Qxc8 34.hxg6 Qg4 35.
Qc3 Ra8 36.Bxe5 Rc8 37.Qb2 Bh6 38.Qxb6 Re8 39.d6 Qe6 40.Qb7 Be3+ 41.Kg2 
Qa2+ 42.Kh1 1-0

[Event "XVIII Mitropa Cup"]
[Site "Portorose SLO"]
[Date "1998.07.10"]
[Round "7.2"]
[White "Godena, Michele"]
[Black "Zueger, Beat"]
[Result "1/2-1/2"]
[WhiteElo "2510"]
[BlackElo "2425"]
[Annotator "ITA-SUI"]
[PlyCount "146"]
[EventDate "1998.07.04"]

1.g3 g6 2.Bg2 Bg7 3.e4 d6 4.d4 Nc6 5.Ne2 e5 6.dxe5 dxe5 7.O-O Bg4 8.f3 Be6
9.Be3 Bc4 10.Nd2 Ba6 11.Rf2 Nf6 12.Nb3 b6 13.Nc3 O-O 14.Rd2 Qc8 15.Bf1 Rd8
16.Rxd8+ Nxd8 17.Bxa6 Qxa6 18.Qf1 Qb7 19.Qb5 Ne6 20.Na5 a6 21.Qb3 Qc8 22.
Nc6 Qe8 23.Nd5 Nd7 24.Qc3 Kh8 25.b4 f5 26.Rd1 Qf7 27.exf5 gxf5 28.Nde7 
Ndf8 29.Qd3 f4 30.Bf2 fxg3 31.hxg3 Ng5 32.Kg2 Re8 33.Qf5 Rxe7 34.Qxg5 Re8 
35.a4 Qc4 36.Qg4 Qxc6 37.Rh1 Qg6 38.Qc4 Qd6 39.Qe4 Kg8 40.c4 c5 41.bxc5 
bxc5 42.Qb7 Qe7 43.Qd5+ Qf7 44.Qxc5 Rd8 45.Qb6 Qf6 46.c5 Rc8 47.Rd1 Rc6 
48.Qb7 Qe6 49.Rd8 Bf6 50.Rb8 e4 51.f4 e3 52.Bxe3 Qd5+ 53.Kf2 Bd4 54.Qb3 
Bxe3+ 55.Kxe3 Re6+ 56.Kf2 Qxc5+ 57.Kg2 Qc6+ 58.Kf2 Qc5+ 59.Kg2 Qc6+ 60.Kf2
Kg7 61.Qb7+ Qxb7 62.Rxb7+ Kf6 63.g4 h6 64.Kf3 Rd6 65.Ra7 Nd7 66.Kg3 Ke6 
67.Kh4 Kd5 68.g5 hxg5+ 69.fxg5 Ne5 70.Kh5 Ke4 71.Ra8 Ng6 72.Rc8 Kf5 73.
Rc5+ Ne5 1/2-1/2

[Event "XVIII Mitropa Cup"]
[Site "Portorose SLO"]
[Date "1998.07.10"]
[Round "7.3"]
[White "Wirthensohn, Heinz"]
[Black "Borgo, Giulio"]
[Result "1/2-1/2"]
[WhiteElo "2390"]
[BlackElo "2445"]
[Annotator "ITA-SUI"]
[PlyCount "25"]
[EventDate "1998.07.04"]

1.Nf3 d5 2.c4 e6 3.b3 Be7 4.Bb2 Bf6 5.Qc2 Bxb2 6.Qxb2 Nf6 7.e3 O-O 8.Be2 
c5 9.O-O b6 10.cxd5 Nxd5 11.Nc3 Nc6 12.Rfd1 Bb7 13.d4 1/2-1/2

[Event "XVIII Mitropa Cup"]
[Site "Portorose SLO"]
[Date "1998.07.10"]
[Round "7.4"]
[White "Belotti, Bruno"]
[Black "Ballmann, Martin"]
[Result "0-1"]
[WhiteElo "2430"]
[BlackElo "2375"]
[Annotator "ITA-SUI"]
[PlyCount "164"]
[EventDate "1998.07.04"]

1.Nf3 c5 2.g3 Nc6 3.Bg2 g6 4.O-O Bg7 5.d3 d6 6.e4 Nf6 7.Nc3 Bg4 8.h3 Bxf3 
9.Qxf3 O-O 10.Qd1 Rb8 11.f4 Nd4 12.g4 b5 13.g5 Nh5 14.Nd5 e6 15.Ne3 e5 16.
f5 Qxg5 17.Nd5 Qh4 18.c3 Nc6 19.Be3 Nf4 20.Bxf4 exf4 21.Rxf4 Qg3 22.f6 Bh6
23.Rf3 Qh4 24.Rf2 Rfe8 25.d4 Re6 26.Qd3 c4 27.Qf3 Bg5 28.Raf1 Rd8 29.Kh2 
Nb8 30.Qg3 Qh6 31.Qg4 Nd7 32.Ne7+ Kh8 33.Nc6 Rde8 34.e5 dxe5 35.Bd5 Nxf6 
36.Qg2 Bf4+ 37.Rxf4 exf4 38.Bxe6 Rxe6 39.Ne5 Re7 40.Qa8+ Kg7 41.Qf3 Nh5 
42.Qg4 Kg8 43.a4 bxa4 44.Qc8+ Qf8 45.Qxc4 Kh8 46.Rf2 Qe8 47.Ng4 Qb8 48.Ne5
f3 49.Qc5 Re8 50.Qb4 Qxb4 51.cxb4 f6 52.Nxf3 Nf4 53.Nd2 Nd5 54.Nb1 Kg7 55.
Nc3 Nxb4 56.Rd2 Rd8 57.Nxa4 f5 58.Nc3 Kf6 59.Kg3 Nc6 60.Ne2 g5 61.d5 Ne5 
62.Nc3 f4+ 63.Kf2 Kf5 64.d6 Nf7 65.Nb5 a6 66.Rd5+ Kg6 67.Nc7 Rxd6 68.Rxd6+
Nxd6 69.Nxa6 Nb5 70.b4 Kf5 71.Nc5 h5 72.Kg2 g4 73.hxg4+ hxg4 74.Nd7 Nd4 
75.Kf2 Ke6 76.Nc5+ Kf6 77.Ne4+ Kf5 78.Nd6+ Ke6 79.Ne4 Nb5 80.Nc5+ Kf5 81.
Nd7 Nd4 82.Kg2 f3+ 0-1

[Event "XVIII Mitropa Cup"]
[Site "Portorose SLO"]
[Date "1998.07.11"]
[Round "8.1"]
[White "Efimov, Igor"]
[Black "Stohl, Igor"]
[Result "0-1"]
[WhiteElo "2530"]
[BlackElo "2540"]
[Annotator "ITA-SVK"]
[PlyCount "74"]
[EventDate "1998.07.04"]

1.d4 Nf6 2.c4 g6 3.Nf3 Bg7 4.Bf4 O-O 5.e3 d5 6.Nbd2 c5 7.dxc5 Na6 8.Be2 
Nxc5 9.O-O Bf5 10.Nb3 Na4 11.Be5 dxc4 12.Bxc4 Qxd1 13.Rfxd1 Ne4 14.Rd4 
Nxb2 15.Bf1 Bxe5 16.Nxe5 f6 17.Nf3 Nd6 18.g4 Bd7 19.g5 Rac8 20.gxf6 Rxf6 
21.Ne5 Be6 22.Rc1 Rxc1 23.Nxc1 Rf8 24.Nb3 Rc8 25.Nd2 Bxa2 26.h4 b5 27.Bg2 
Rc7 28.Nc6 Kf8 29.h5 Nbc4 30.Nf1 a5 31.Bd5 Nb6 32.Bf3 a4 33.Nh2 Bd5 34.
Rf4+ Ke8 35.Nd4 a3 36.e4 a2 37.exd5 a1=Q+ 0-1

[Event "XVIII Mitropa Cup"]
[Site "Portorose SLO"]
[Date "1998.07.11"]
[Round "8.2"]
[White "Plachetka, Jan"]
[Black "Godena, Michele"]
[Result "0-1"]
[WhiteElo "2400"]
[BlackElo "2510"]
[Annotator "ITA-SVK"]
[PlyCount "88"]
[EventDate "1998.07.04"]

1.c4 e6 2.Nf3 d5 3.g3 Nf6 4.Bg2 Be7 5.O-O O-O 6.b3 b6 7.Bb2 Bb7 8.d4 Nbd7 
9.Nbd2 Rc8 10.Ne5 c5 11.e3 cxd4 12.exd4 Rc7 13.f4 dxc4 14.bxc4 Bxg2 15.
Kxg2 Qa8+ 16.Qf3 Qxf3+ 17.Kxf3 Rfc8 18.Rac1 Bb4 19.Nb3 Nxe5+ 20.fxe5 Nd7 
21.a3 Be7 22.d5 Rxc4 23.d6 Bf8 24.Rxc4 Rxc4 25.Rc1 Rxc1 26.Nxc1 f6 27.Nd3 
Kf7 28.Ke4 Ke8 29.Nf4 Nc5+ 30.Ke3 fxe5 31.Bxe5 g6 32.h4 Kd7 33.h5 gxh5 34.
Nxh5 Bxd6 35.Nf6+ Ke7 36.Bxd6+ Kxf6 37.Bb8 a6 38.Bc7 Nd7 39.Ke4 Nc5+ 40.
Kf4 Nd7 41.Bd8+ Kg6 42.a4 b5 43.axb5 axb5 44.Ke4 Nb8 0-1

[Event "XVIII Mitropa Cup"]
[Site "Portorose SLO"]
[Date "1998.07.11"]
[Round "8.3"]
[White "Borgo, Giulio"]
[Black "Petran, Peter"]
[Result "0-1"]
[WhiteElo "2445"]
[BlackElo "2420"]
[Annotator "ITA-SVK"]
[PlyCount "70"]
[EventDate "1998.07.04"]

1.e4 g6 2.d4 Bg7 3.Nf3 d6 4.c3 Nf6 5.Bd3 O-O 6.O-O Nbd7 7.Re1 e5 8.Nbd2 
Re8 9.Qc2 c6 10.b4 Qc7 11.dxe5 dxe5 12.Bb2 h6 13.Nb3 Bf8 14.a3 Nb6 15.c4 
Na4 16.Bc1 c5 17.Nbd2 Nb6 18.b5 Nh5 19.Nb1 Nf4 20.Bf1 Ne6 21.Nfd2 Nd4 22.
Qd1 a6 23.Nc3 axb5 24.Nxb5 Qc6 25.Bb2 Na4 26.Rb1 Rd8 27.Re3 Be6 28.Ba1 h5 
29.Rd3 Bh6 30.Nf3 f6 31.Nfxd4 cxd4 32.Rg3 Kh7 33.h3 Nc5 34.Bd3 Nxd3 35.
Rxd3 Bxc4 0-1

[Event "XVIII Mitropa Cup"]
[Site "Portorose SLO"]
[Date "1998.07.11"]
[Round "8.4"]
[White "Franzen, Jozef"]
[Black "Belotti, Bruno"]
[Result "0-1"]
[WhiteElo "2320"]
[BlackElo "2430"]
[Annotator "ITA-SVK"]
[PlyCount "128"]
[EventDate "1998.07.04"]

1.e4 c5 2.Nf3 e6 3.d4 cxd4 4.Nxd4 Nf6 5.Nc3 d6 6.g4 Nc6 7.g5 Nd7 8.Be3 Be7
9.h4 O-O 10.f4 Re8 11.Qf3 a6 12.O-O-O Bf8 13.g6 fxg6 14.Nxe6 Rxe6 15.Bc4 
Nde5 16.fxe5 Nxe5 17.Bxe6+ Bxe6 18.Qg2 Be7 19.h5 Qe8 20.Rdg1 Ng4 21.hxg6 
Qxg6 22.Bd4 h5 23.Nd5 Bg5+ 24.Kb1 Rc8 25.b3 Rf8 26.Rh3 Bxd5 27.exd5 Bf6 
28.Bxf6 Rxf6 29.Rc3 Qf7 30.Qe4 g6 31.Rc8+ Kg7 32.a4 Ne5 33.Rg3 Rf4 34.Qe2 
Rf3 35.Rxf3 Qxf3 36.Rc7+ Kf6 37.Qd2 g5 38.Rxb7 h4 39.Rb6 Nf7 40.Qd4+ Kg6 
41.Rb8 h3 42.Rg8+ Kh5 43.Rg7 Qf5 44.Qd2 Ne5 45.Rg8 Nf3 46.Qf2 Kg4 47.Ka2 
Qxd5 48.Rc8 Qf5 49.Rc4+ Kh5 50.Qe2 g4 51.Qe8+ Kh4 52.Qe7+ Qg5 53.Qxd6 h2 
54.Rc8 Kh3 55.Qd3 Qd2 56.Rh8+ Kg3 57.Qe4 Qe1 58.Qh7 Kg2 59.Qh5 Qh4 60.Qe8 
Qxh8 61.Qxh8 h1=Q 62.Qc8 g3 63.Qxa6 Qd1 64.Qc6 Kf2 0-1

[Event "XVIII Mitropa Cup"]
[Site "Portorose SLO"]
[Date "1998.07.12"]
[Round "9.1"]
[White "Kindermann, Stefan E.S."]
[Black "Efimov, Igor"]
[Result "1-0"]
[WhiteElo "2540"]
[BlackElo "2530"]
[Annotator "ITA-GER"]
[PlyCount "79"]
[EventDate "1998.07.04"]

1.e4 c5 2.Nf3 d6 3.d4 cxd4 4.Nxd4 Nf6 5.Nc3 Bd7 6.Bg5 Bc6 7.Bxf6 gxf6 8.
Qh5 Nd7 9.Bc4 Ne5 10.Bb3 Ng6 11.f4 e6 12.f5 Qa5 13.O-O-O O-O-O 14.Qh3 Nf4 
15.Qf3 Bh6 16.Kb1 exf5 17.Nxc6 bxc6 18.exf5 d5 19.g3 Nh3 20.Qh5 Nf2 21.
Qxh6 Nxh1 22.Rxh1 d4 23.Ne2 Qxf5 24.Nf4 Rd7 25.Re1 Rg8 26.a3 Kc7 27.Bc4 
Rb8 28.Qh5 Qg5 29.Qxh7 Qa5 30.Nd3 Qc3 31.Bb3 Qa5 32.Qe4 Rb5 33.Qf4+ Kb7 
34.Re8 Rc7 35.Qxd4 Rf5 36.Qd8 Qb6 37.Qb8+ Ka6 38.Bc4+ Ka5 39.b4+ Ka4 40.
Qxb6 1-0

[Event "XVIII Mitropa Cup"]
[Site "Portorose SLO"]
[Date "1998.07.12"]
[Round "9.2"]
[White "Godena, Michele"]
[Black "Luther, Thomas"]
[Result "1/2-1/2"]
[WhiteElo "2510"]
[BlackElo "2560"]
[Annotator "ITA-GER"]
[PlyCount "64"]
[EventDate "1998.07.04"]

1.Nf3 d5 2.d4 e6 3.c4 Nf6 4.e3 Nbd7 5.Nc3 c6 6.Qc2 Bd6 7.Be2 O-O 8.O-O Re8
9.Rd1 b6 10.e4 Nxe4 11.Nxe4 dxe4 12.Qxe4 Qc7 13.Be3 Bb7 14.c5 bxc5 15.dxc5
Bf8 16.Rac1 Nf6 17.Qe5 Qc8 18.Qc3 Ba6 19.Bxa6 Qxa6 20.Qc4 Qb7 21.b3 Nd5 
22.Bd2 Be7 23.Ba5 h6 24.h3 Rab8 25.Qa4 Qb5 26.Qxb5 Rxb5 27.Be1 Rc8 28.Ne5 
Rxc5 29.Rxc5 Bxc5 30.Rc1 Bb4 31.Bxb4 Nxb4 32.a3 f6 1/2-1/2

[Event "XVIII Mitropa Cup"]
[Site "Portorose SLO"]
[Date "1998.07.12"]
[Round "9.4"]
[White "Belotti, Bruno"]
[Black "Ellers, Holger"]
[Result "1-0"]
[WhiteElo "2430"]
[BlackElo "2425"]
[Annotator "ITA-GER"]
[PlyCount "59"]
[EventDate "1998.07.04"]

1.e4 e6 2.d3 d5 3.Nd2 Nf6 4.Ngf3 g6 5.g3 Bg7 6.Bg2 O-O 7.O-O c5 8.exd5 
Nxd5 9.Nb3 Qc7 10.Qe2 Nd7 11.Ng5 Ne5 12.c4 Nb4 13.Be3 Rd8 14.Rad1 Rb8 15.
Nxc5 b6 16.Nb3 Nxa2 17.Bf4 h6 18.Nxf7 Kxf7 19.d4 Ba6 20.Bxe5 Bxe5 21.dxe5 
Bxc4 22.Qf3+ Kg8 23.Rxd8+ Rxd8 24.Re1 Rd3 25.Qf6 Qf7 26.Bf1 Qxf6 27.exf6 
Rxb3 28.Bxc4 Rxb2 29.Bxe6+ Kf8 30.Rd1 1-0

[Event "VII Weekend A"]
[Site "Palestrina ITA"]
[Date "1998.07.??"]
[Round "1"]
[White "Gaspero, Mario"]
[Black "Quimi, Marco"]
[Result "1-0"]
[WhiteElo "1785"]
[BlackElo "2250"]
[PlyCount "135"]
[EventDate "1998.07.??"]

1. d4 d5 2. c4 c6 3. Nf3 e6 4. e3 f5 5. b3 Nf6 6. Bd3 Bd6 7. O-O O-O 8. Ba3 a5
9. Bxd6 Qxd6 10. Ne5 Nbd7 11. Nxd7 Bxd7 12. Nd2 Be8 13. f4 Ng4 14. Qe1 Kh8 15.
h3 Nf6 16. c5 Qe7 17. Qh4 Qc7 18. a3 Ne4 19. Nf3 h6 20. Bxe4 dxe4 21. Ne5 Kh7
22. Kh1 Rg8 23. Qf2 g5 24. g3 Rg7 25. Rg1 Bd7 26. h4 Rag8 27. hxg5 Be8 28. gxh6
Re7 29. g4 fxg4 30. Rxg4 Rxg4 31. Nxg4 Rf7 32. Rg1 Qd8 33. Qg3 Rf5 34. Nh2 Qe7
35. Qg7+ Qxg7 36. hxg7 Kg8 37. Rg3 Bh5 38. Kg1 Rf7 39. Rg5 Bd1 40. b4 a4 41.
Ng4 Bxg4 42. Rxg4 Rf6 43. Kg2 Rh6 44. Rg5 Rf6 45. Kg3 Rh6 46. f5 exf5 47. Kf4
Rh3 48. Rxf5 Kxg7 49. Rg5+ Kf7 50. Rg2 Rh1 51. Ra2 Ke6 52. Kxe4 Rd1 53. Rc2 Rb1
54. Rc3 Rb2 55. Kd3 Rb1 56. Kc4 Kf5 57. d5 cxd5+ 58. Kxd5 Rd1+ 59. Kc4 Ke5 60.
Kb5 Rb1 61. Kxa4 Kd5 62. Kb5 Rh1 63. a4 Rh7 64. Kb6 Re7 65. a5 Rf7 66. b5 Rh7
67. c6 bxc6 68. bxc6 1-0

[Event "VII Weekend A"]
[Site "Palestrina ITA"]
[Date "1998.07.??"]
[Round "1"]
[White "Minerva, Enzo"]
[Black "Spano' Cuomo, Gaetano"]
[Result "1-0"]
[WhiteElo "2135"]
[BlackElo "1776"]
[PlyCount "99"]
[EventDate "1998.07.??"]

1. e4 e5 2. Nf3 Nc6 3. Bb5 d6 4. d4 exd4 5. Nxd4 Bd7 6. Nxc6 bxc6 7. Bc4 Ne7 8.
O-O g6 9. Qd4 Rg8 10. Qf6 d5 11. Bb3 Be6 12. Rd1 Qd6 13. Nc3 Bg7 14. Qf3 d4 15.
Bf4 Be5 16. Bxe5 Qxe5 17. Ne2 c5 18. Ba4+ Kf8 19. Nf4 Kg7 20. Nd3 Qd6 21. e5
Qb6 22. Qf6+ Kf8 23. Nf4 Rd8 24. Bb3 Bxb3 25. Qxb6 cxb6 26. axb3 Nc6 27. Re1
Ke7 28. Nd3 a5 29. Re4 Ra8 30. f4 Ke6 31. Kf2 Kd5 32. Kf3 Rge8 33. Rae1 b5 34.
h4 h5 35. f5 Nb4 36. Nf4+ Kc6 37. c3 Nd3 38. Nxd3 gxf5 39. Rf4 c4 40. bxc4 bxc4
41. Nc1 dxc3 42. Rxc4+ Kd5 43. Rxc3 Rxe5 44. Rc5+ Kxc5 45. Rxe5+ Kd4 46. Rxf5
Rb8 47. Rxa5 Rxb2 48. Rxh5 Rc2 49. Ne2+ Kd3 50. Nf4+ 1-0

[Event "VII Weekend A"]
[Site "Palestrina ITA"]
[Date "1998.07.??"]
[Round "1"]
[White "Ottavi, Marco"]
[Black "Tomescu, Vlad"]
[Result "0-1"]
[WhiteElo "1900"]
[BlackElo "2425"]
[PlyCount "50"]
[EventDate "1998.07.??"]

1. e4 Nc6 2. Nf3 e5 3. Bb5 a6 4. Ba4 Nf6 5. Bxc6 dxc6 6. d3 Bd6 7. Nbd2 O-O 8.
Nc4 Re8 9. Bg5 h6 10. Bh4 c5 11. O-O Qe7 12. h3 Qe6 13. Bg3 Nd7 14. Nh4 Bf8 15.
Nf5 b5 16. Nd2 Bb7 17. f4 Rad8 18. Nf3 c4 19. fxe5 cxd3 20. cxd3 Nc5 21. N3d4
Qb6 22. Qh5 Nxd3 23. e6 Rxe6 24. Kh2 Rg6 25. Qf3 c5 0-1

[Event "VII Weekend A"]
[Site "Palestrina ITA"]
[Date "1998.07.??"]
[Round "1"]
[White "Passerotti, Pierluigi"]
[Black "Brunetti, Alessandro"]
[Result "1-0"]
[WhiteElo "2305"]
[BlackElo "1827"]
[PlyCount "115"]
[EventDate "1998.07.??"]

1. d4 d5 2. c4 e6 3. Nc3 c6 4. e3 Nf6 5. Nf3 Nbd7 6. Bd3 dxc4 7. Bxc4 b5 8. Bd3
a6 9. e4 c5 10. d5 Qc7 11. dxe6 fxe6 12. O-O c4 13. Bc2 Nc5 14. e5 Nfd7 15. Re1
Be7 16. Ng5 Nxe5 17. Bf4 Bd6 18. Bxh7 Ned3 19. Qh5+ Kd7 20. Bxd6 Qxd6 21. Nce4
Nxe4 22. Qf7+ Qe7 23. Bxe4 Nxe1 24. Rxe1 Bb7 25. Bxb7 Rae8 26. Bxa6 Qxf7 27.
Nxf7 Rh5 28. Ne5+ Kd6 29. Bxb5 Rb8 30. Nxc4+ Kc5 31. a4 Rxb5 32. axb5 Kxc4 33.
Rxe6 Rxb5 34. Re7 g5 35. g3 Kd4 36. Re2 Rb8 37. Kg2 Rb7 38. Kf3 Rh7 39. Rd2+
Ke5 40. Kg4 Kf6 41. b4 Rxh2 42. b5 Rh7 43. b6 Rb7 44. Rb2 Kg6 45. Rb5 Kf7 46.
f3 Ke7 47. Kxg5 Kf7 48. f4 Kg7 49. f5 Kf7 50. Rb1 Kg7 51. g4 Kf7 52. Kh6 Kg8
53. g5 Rh7+ 54. Kg6 Rg7+ 55. Kh5 Rb7 56. g6 Kh8 57. f6 Rb8 58. Rc1 1-0